000 00455nam a2200193Ia 4500
005 20250423101022.0
008 250422s9999 xx 000 0 und d
020 _a978-0-07-026362-8
050 _aHD 30.28 .K39/
100 _aKazmi, Azhar
245 0 _aStrategic management and business policy
250 _a3rd ed.
260 _aNew Delhi
260 _bMcGraw-Hill
260 _c2009
300 _a698 p
650 _aManagement
942 _cBK
999 _c35036
_d35036